000 00604nam a2200181Ia 4500
005 20250620113631.0
008 231207s9999 xx 000 0 und d
020 _a9780520242135
040 _cPK-LaNCA
082 _a791.4302
_bBAR
100 _aBarbas, Samantha
245 4 _aThe first lady of Hollywood: a biography of Louella Parsons
_cSamantha Barbas
260 _bUniversity of California Press
_aBerkeley
_c2005
300 _avii, 417p
_bill
546 _aEnglish
650 _aParsons, Louella O. (Louella Oettinger), 1885-1973., Gossip columnists--United States--Biography
942 _cM.PHIL.
999 _c26339
_d26339